=LDR 00000nam 2200000 4500 =001 INLIS000000000039669 =005 20130612145301 =008 ***********************************ind** =035 ##$$0010-061300000039669 =041 ##$$a ind =082 ##$$a 92 (Madonna) =090 ##$$a 92 (Maodonna), Wah m =100 ##$$a WAHYUDI, Agus =245 ##$$a Madonna, Kisah dan rahasia seorang bintang, Agus wahyudi;Editor,Rose kusumaning ratri =260 ##$$a 2009 $b Yogyakarta =300 ##$$a 180 Hlm, 19 cm =650 ##$$a MADONNA, 1958 =700 ##$$a KUSUMANING RATRI, Rose =850 ##$$a NBPNMAT =990 ##$$a 0001/BPAP-NTB/2016 =990 ##$$a 86698669 =990 ##$$a 0001/BPAP-NTB/2016 =990 ##$$a 01201708669